Ulice Centrum Krakowa - Statystyki

Ogólne statystyki
  • Ten quiz został rozwiązany 1 987 razy
    1 967 od ostatniego zresetowania
  • Średni wynik to 14 z 40
Odpowiedzi na mapie
Odpowiedzi zakodowano w zielono-czerwonej skali na mapie do tego quizu, zgodnie z poniższymi procentami.
 
Statystyki odpowiedzi
Odpowiedź % Poprawnych
Floriańska
88%
Grodzka
82%
Szewska
71%
św. Tomasza
58%
Rynek Główny
53%
św. Anny
53%
św. Marka
50%
Szpitalna
49%
Mały Rynek
47%
Bracka
45%
św. Jana
45%
Sławkowska
43%
Franciszkańska
42%
Basztowa
38%
Gołębia
38%
Jagiellońska
38%
Sienna
37%
Dominikańska
36%
Szczepańska
36%
św. Gertrudy
35%
Wiślna
34%
Poselska
31%
Mikołajska
29%
Podwale
27%
Podzamcze
27%
Kanonicza
26%
Pijarska
25%
Stolarska
25%
Westerplatte
24%
św. Idziego
20%
Senacka
19%
Straszewskiego
19%
Dunajewskiego
18%
Krzyża
18%
Bernardyńska
17%
Powiśle
13%
Reformacka
13%
Na Gródku
11%
Olszewskiego
11%
Smocza
11%
Nie znaleziono quizów pasujących do podanych kryteriów
Rozkład punktacji
Procent ludzi z każdym wynikiem
Percentyl według liczby udzielonych odpowiedzi
Twoja historia wyników
Nie rozwiązałeś tego quizu od ostatniego zresetowania